[Event "Crawley e2e4 Gatwick op"]
[Site "Crawley"]
[Date "2016.02.20"]
[Round "2"]
[White "Kalaiyalahan, Akshaya"]
[Black "Arkell, Nicholas D"]
[Result "0-1"]
[WhiteElo "2236"]
[BlackElo "1989"]
[PlyCount "108"]
[EventDate "2016.02.19"]
[EventType "swiss"]
[EventRounds "5"]
[EventCountry "ENG"]
[SourceTitle "CBM 171 Extra"]
[Source "ChessBase"]
[SourceDate "2016.04.26"]
[SourceVersion "1"]
[SourceVersionDate "2016.04.26"]
[SourceQuality "1"]

1. d4 g6 2. c4 Bg7 3. Nf3 d6 4. g3 b6 5. Bg2 Bb7 6. 0-0 Nd7 7. d5 Ngf6 8. Nc3 0-0 9. Nd4 Re8 10. b3 Nf8 11. Bb2 Rb8 12. Ncb5 a6 13. Na7 Ra8 14. Nac6 Qc8 15. Qd2 e5 16. dxe6 fxe6 17. b4 e5 18. Nc2 Kh8 19. Ne3 N8d7 20. a3 Nb8 21. Nxb8 Bxg2 22. Nxg2 Rxb8 23. f3 Qe6 24. Rac1 Ra8 25. e4 a5 26. b5 h5 27. Rc2 Kh7 28. Bc1 Rf8 29. Qd3 Rf7 30. Ne3 Raf8 31. Nd5 Qh3 32. Bg5 Nd7 33. Rcf2 Nc5 34. Qe2 Ne6 35. Be3 Bh6 36. Bxh6 Kxh6 37. f4 exf4 38. Nxf4 Nxf4 39. gxf4 Qxa3 40. f5 Qc5 41. Qd2+ g5 42. h4 Rg8 43. Kh1 Qe5 44. Rg2 Qxe4 45. hxg5+ Kg7 46. Rf4 Qb1+ 47. Rg1 Qb3 48. Qh2 Re8 49. f6+ Kg6 50. Rh4 Qf3+ 51. Qg2 Qxg2+ 52. Rxg2 Re5 53. Rf4 Rxg5 54. Rgf2 Rg4 0-1

[Event "BCF-chT3S 1314 (4NCL)"]
[Site "England"]
[Date "2013.11.17"]
[Round "3.97"]
[White "Arkell, Nicholas D"]
[Black "Quinn, John M"]
[Result "1/2-1/2"]
[WhiteElo "1927"]
[BlackElo "2133"]
[PlyCount "76"]
[EventDate "2013.11.16"]
[EventType "team-swiss"]
[EventRounds "6"]
[EventCountry "ENG"]
[SourceTitle "EXT 2015"]
[Source "ChessBase"]
[SourceDate "2014.11.20"]
[SourceVersion "1"]
[SourceVersionDate "2014.11.20"]
[SourceQuality "1"]
[WhiteTeam "e2e4.org.uk III"]
[BlackTeam "Celtic Tigers"]
[WhiteTeamCountry "ENG"]
[BlackTeamCountry "ENG"]

1. Nf3 Nf6 2. d3 d5 3. Nbd2 c5 4. g3 Nc6 5. Bg2 g6 6. 0-0 Bg7 7. e4 0-0 8. c3 e5 9. Qc2 h6 10. Re1 Be6 11. h3 Rc8 12. exd5 Nxd5 13. Nc4 Qc7 14. a4 Rfe8 15. Qe2 f6 16. Nfd2 f5 17. Nf1 Rcd8 18. Nfe3 Nde7 19. Bf1 Qd7 20. Ng2 Nd5 21. Rd1 Nxc3 22. bxc3 Bxc4 23. Be3 Bb3 24. Rdb1 Bd5 25. Bxc5 Bxg2 26. Bxg2 Qxd3 27. Qa2+ Kh7 28. Rxb7 e4 29. Be3 Qxc3 30. Rc1 Qf6 31. Bxa7 Nxa7 32. Rcc7 Rg8 33. Rxa7 Kh8 34. a5 Rd1+ 35. Kh2 Qd4 36. Qe2 Rd2 37. Qe3 Qxe3 38. fxe3 Rb8 1/2-1/2

[Event "Buxton e2e4 op-A 03"]
[Site "Buxton"]
[Date "2013.03.17"]
[Round "4"]
[White "Arkell, Nicholas D"]
[Black "McCarthy, Damian"]
[Result "0-1"]
[WhiteElo "1913"]
[BlackElo "1877"]
[PlyCount "116"]
[EventDate "2013.03.15"]
[EventType "swiss"]
[EventRounds "5"]
[EventCountry "ENG"]
[SourceTitle "EXT 2014"]
[Source "ChessBase"]
[SourceDate "2013.11.20"]
[SourceVersion "1"]
[SourceVersionDate "2013.11.20"]
[SourceQuality "1"]

1. d4 Nf6 2. Nf3 e6 3. Bg5 h6 4. Bh4 Be7 5. e3 b6 6. Bd3 Bb7 7. Nbd2 c5 8. c3 cxd4 9. exd4 Nc6 10. 0-0 0-0 11. Re1 Nd5 12. Bg3 Rc8 13. Qe2 Re8 14. Rad1 Bf8 15. Bb1 a6 16. Qd3 Nf6 17. Re3 g6 18. Ne5 Ne7 19. Ree1 d6 20. Nec4 Nf5 21. Ne3 Nxg3 22. hxg3 b5 23. a3 Bg7 24. Ba2 Qd7 25. Bb3 Rc7 26. Ra1 Qc8 27. Bd1 Bc6 28. Bf3 d5 29. Ng4 Nxg4 30. Bxg4 Qd8 31. Bd1 Bf8 32. Nf3 Bd6 33. Bc2 Kg7 34. Ne5 Qg5 35. Re3 h5 36. Rae1 Rh8 37. Nf3 Qf6 38. Ne5 Qg5 39. f4 Qf6 40. Nf3 a5 41. Ra1 Rhc8 42. Re2 Be8 43. Ne1 b4 44. axb4 axb4 45. cxb4 Bxb4 46. Nf3 Bf8 47. Rb1 Rb8 48. Bd1 Bb5 49. Qb3 Rcb7 50. Rf2 Be2 51. Qa4 Bxf3 52. Bxf3 Rb4 53. Qc2 Qxd4 54. Kh2 Bd6 55. Rd2 Qf6 56. Qc6 R8b6 57. Qc1 h4 58. Qf1 hxg3+ 0-1

[Event "Buxton e2e4 op-A 03"]
[Site "Buxton"]
[Date "2013.03.16"]
[Round "3"]
[White "Horton, Jamie A"]
[Black "Arkell, Nicholas D"]
[Result "0-1"]
[WhiteElo "1988"]
[BlackElo "1913"]
[PlyCount "92"]
[EventDate "2013.03.15"]
[EventType "swiss"]
[EventRounds "5"]
[EventCountry "ENG"]
[SourceTitle "EXT 2014"]
[Source "ChessBase"]
[SourceDate "2013.11.20"]
[SourceVersion "1"]
[SourceVersionDate "2013.11.20"]
[SourceQuality "1"]

1. e4 d6 2. d4 g6 3. Nc3 Bg7 4. Be3 c6 5. a4 Qa5 6. Qd2 Nf6 7. h3 Na6 8. Nf3 h5 9. Rd1 Kf8 10. Be2 Bd7 11. 0-0 b5 12. axb5 cxb5 13. e5 Ne8 14. Ra1 Qb6 15. Nxb5 Bxb5 16. c4 Bxc4 17. Bxc4 Nb4 18. Ra4 a5 19. Rfa1 Rc8 20. d5 Qc7 21. b3 dxe5 22. Rxa5 e4 23. Nd4 Nd3 24. Bxd3 exd3 25. Qxd3 Bf6 26. Ra7 Qd8 27. R1a5 Kg7 28. Qe2 Nc7 29. Qf3 Qd6 30. Bf4 Qb6 31. Ne2 Rhd8 32. d6 exd6 33. Ra4 Ne6 34. R7a6 Qc5 35. R4a5 Qc2 36. Bg3 Ng5 37. Qe3 Re8 38. Qb6 Qxe2 39. Ra2 Rc1+ 40. Kh2 Qf1 41. Bf4 Qg1+ 42. Kg3 Ne4+ 43. Kf3 Qd1+ 44. Re2 Rc3+ 45. Be3 Ng5+ 46. Kg3 Qxe2 0-1